00925nam a22002657a 45000010005000000030009000050050017000140070005000310080028000360200015000640400022000790820028001011000037001292450045001662600062002113000021002734900032002945900026003266500037003526500025003899100052004149420012004669520166004789990015006440121DO-SdBNP20230515103036.00121151005b2000 ag 00| 0 spa d a9500718219 aBPMSUbspacBPMSU 4aU861.44bB462c 20002221 aBenedetti, Mariod1920-2009 94213aLa casa y el ladrillo /cMario Benedetti aBuenos Aires, Argentina :bEditorial Sudamericana,c2000. a153 p. :c18 cm.0 aBiblioteca Mario Benedetti  aInventariado, 2023/VM 4aPoesía uruguaya vColecciones  4aLiteratura uruguaya  aYLockward/ VMateo V. Control de calidad (BPMSU) 2ddccBK 00102ddc40708CGaBPMETbBPMETd2015-11-12eDonado Fundación Economía y DesarrollooBPMSU CG U861.44 B462c 2000pBPMSU15110235r2015-11-12w2015-11-12yBK c8684d8684